000 00323nam a22001337a 4500
008 181101b xxu||||| |||| 00| 0 eng d
020 _a9781427797476
041 _aeng
080 _a610
100 _a4
101 _aSHM
245 _aNCLEX-RN Medications you need to know for the exam
_cArnoldussen,B
942 _2udc
_cBK
999 _c51483
_d51483